000 00409 a2200169 4500
001 74096
020 _a851604758-X
040 _cAnchieta - Colégio São Paulo
100 _aBelinky, Tatiana
240 1 0 _aMas esta é uma outra História...
_lpor
245 1 0 _aMas esta é uma outra História...
300 _a77
362 0 _a2009
440 1 _aSalamandra
650 4 _aLiteratura juvenil
942 _cBK
999 _c74096
_d74096